Principales contenidos psicolingüísticos que deben dominar las educadoras diferenciales, de una escuela de la comuna de Lo Prado, en la cual se implementa el proyecto de estimulación del discurso narrativo

Esta investigación corresponde a un estudio de caso y se desarrolla en la comuna de Lo Prado. En esta indagación participaron tres sujetos de estudio que se desempeñan como educadoras diferenciales, en un Programa de Integración Escolar. En función a la práctica pedagógica y a los conocimientos adqu...

Descripción completa

Detalles Bibliográficos
Autor principal: Cuevas Barrera, Deisy
Otros Autores: García Llanos, Evelyn, Otárola Cornejo, Fabiola (profesor guía), Rastelli Rojas, Macarena, Herrera Santos, Maribel
Formato: Tesis
Lenguaje:español
Publicado: Santiago, Chile: Universidad Academia de Humanismo Cristiano, 2018
Materias:

MARC

LEADER 00000cmm a2200000 a 4500
001 000330
003 UAHC_CL
005 20230717114308.0
008 171121s2018 cl 000 spa
040 |a UAHC_CL  |c UAHC_CL  |d UAHC_CL 
100 |a Cuevas Barrera, Deisy  |9 4618 
245 1 0 |a Principales contenidos psicolingüísticos que deben dominar las educadoras diferenciales, de una escuela de la comuna de Lo Prado, en la cual se implementa el proyecto de estimulación del discurso narrativo  |c Deisy Cuevas, Evelyn García, Maribel Herrera, Macarena Rastelli; profesor guía Fabiola Otárola. 
260 |a Santiago, Chile:  |b Universidad Academia de Humanismo Cristiano,  |c 2018 
300 |a 1 cd rom 
500 |a Tesis para optar al título de Profesor de Educación Diferencial con mención en Trastornos Específicos del Lenguaje Oral. 
502 |a Tesis (Profesor de educación diferencial) -- Universidad Academia de Humanismo Cristiano, 2018. 
516 |a Tesis electrónica (PDF) 
520 |a Esta investigación corresponde a un estudio de caso y se desarrolla en la comuna de Lo Prado. En esta indagación participaron tres sujetos de estudio que se desempeñan como educadoras diferenciales, en un Programa de Integración Escolar. En función a la práctica pedagógica y a los conocimientos adquiridos en los años de formación académica, es que ha surgido la necesidad indagar sobre los principales contenidos psicolingüísticos que deben manejar los educadores diferenciales de la comuna de Lo Prado, en la cual se implementa el Proyecto de Estimulación del Discurso Narrativo. Para la recogida de datos e información fue utilizada la entrevista individual semiestructurada, creada por el grupo investigador y sometida a juicio de expertos para su validación. Cabe destacar que los sujetos participantes de la investigación tienen diferentes tiempos de experiencias con el Proyecto de Estimulación del Discurso Narrativo, el primero de ellos aplica actualmente dicho proyecto, el segundo lo ha aplicado en alguna oportunidad y el tercero, no presenta experiencia en la aplicación de este proyecto. 
650 0 |a Educación inclusiva  |9 6033 
650 0 |a Psicolingüística  |9 6348 
650 0 |9 1263  |a Educación especial 
650 0 |a Profesores   |x Formación profesional  |9 718 
700 |9 4619  |a García Llanos, Evelyn 
700 |a Otárola Cornejo, Fabiola  |e profesor guía  |9 935 
700 |9 4622  |a Rastelli Rojas, Macarena 
700 |9 4620  |a Herrera Santos, Maribel 
900 |a TPEDIF 111 
942 |c TS 
952 |0 0  |1 0  |4 0  |6 TPEDIF_111_000000000000000  |7 0  |8 COMP  |9 90488  |a BC  |b BC  |c Referencia  |d 2018-08-27  |o TPEDIF 111  |p 13301225  |r 2019-01-03 00:00:00  |w 2018-08-27  |y TS  |B PEDIF 
999 |c 51057  |d 51057